000 01314nam0a22002411 4500
001 rc\2558659
005 20110914162226.4
035 _a(NLR Aleph) 006723588
090 _a5469455
_c5469455
100 _a20110914d1927 |||y0rusy50 ca
101 0 _arus
102 _aRU
105 _ay z |||||
200 1 _aНовое руководство к изучению кройки женского и детского платья верхнего и нижнего женского, мужского и детского белья, составленное преподавательницей курсов кройки и шитья кооперативного товарищества "Работников интеллектуального труда"
_eКнига с прилож. атласа (45 черт.)
_fА. И. Сильванович
210 _aМосква
_cавтор
_d1927
_g4-я тип. "Мосполиграф"
215 _a40 с.
_d26х18 см.
421 0 _12001#$aАтлас чертежей к конспекту теории нового руководства к изучению кройки
_1215##$a47 с. черт. in recto
700 1 _aСильванович
_bА. И.
801 0 _aRU
_bNLR
_gpsbo
801 1 _aRU
_bELAR
_2rusmarc
852 _aNLR
_j80/41
942 _cBOOK
980 _aNB